George Bush : (Record no. 1990)
[ view plain ]
| 000 -CABECERA | |
|---|---|
| campo de control de longitud fija | 00782cam a2200217 a 4500 |
| 001 - NÚMERO DE CONTROL | |
| campo de control | 000002138 |
| 005 - FECHA Y HORA DE LA ÚLTIMA TRANSACCIÓN | |
| campo de control | 20200929145839.0 |
| 008 - DATOS DE LONGITUD FIJA--INFORMACIÓN GENERAL | |
| campo de control de longitud fija | 911218s1992 waua b 001 0beng |
| 020 ## - NÚMERO INTERNACIONAL ESTÁNDAR DEL LIBRO | |
| Número Internacional Estándar del Libro | 0943235057 |
| 040 ## - FUENTE DE LA CATALOGACIÓN | |
| Centro catalogador/agencia de origen | DO-SdBNP |
| Centro/agencia transcriptor | DLC |
| 082 ## - NÚMERO DE LA CLASIFICACIÓN DECIMAL DEWEY | |
| Número de clasificación | 923.173 |
| Número de documento/Ítem | B978T |
| 100 1# - ENTRADA PRINCIPAL--NOMBRE DE PERSONA | |
| Nombre de persona | Tarpley, Webster Griffin. |
| 9 (RLIN) | 6850 |
| 245 10 - MENCIÓN DE TÍTULO | |
| Título | George Bush : |
| Resto del título | the unauthorized biography / |
| Mención de responsabilidad, etc. | by Webster Griffin Tarpley and Anton Chaitkin. |
| 260 ## - PUBLICACIÓN, DISTRIBUCIÓN, ETC. | |
| Lugar de publicación, distribución, etc. | Washington, D.C. : |
| Nombre del editor, distribuidor, etc. | Executive Intelligence Review, |
| Fecha de publicación, distribución, etc. | 1992. |
| 300 ## - DESCRIPCIÓN FÍSICA | |
| Extensión | viii, [664] p. : |
| Otras características físicas | il. ; |
| Dimensiones | 21 cm. |
| 504 ## - NOTA DE BIBLIOGRAFÍA, ETC. | |
| Nota de bibliografía, etc. | Incluye referencias bibliográficas e índice. |
| 600 10 - PUNTO DE ACCESO ADICIONAL DE MATERIA--NOMBRE DE PERSONA | |
| Nombre de persona | BUSH, GEORGE, |
| Fechas asociadas al nombre | 1924- |
| 9 (RLIN) | 6851 |
| 650 #4 - PUNTO DE ACCESO ADICIONAL DE MATERIA--TÉRMINO DE MATERIA | |
| Término de materia o nombre geográfico como elemento de entrada | Presidentes |
| Subdivisión geográfica | Estados Unidos |
| Subdivisión general | Biografía |
| 9 (RLIN) | 3714 |
| 700 1# - PUNTO DE ACCESO ADICIONAL--NOMBRE DE PERSONA | |
| Nombre de persona | Chaitkin, Anton, |
| Fechas asociadas al nombre | 1943- |
| 9 (RLIN) | 6852 |
| 910 ## - DATOS DE OPCIÓN DEL USUARIO (OCLC) | |
| Datos de opción del usuario | Catalogación por copia / LC |
| Estado de retiro | Estado de pérdida | Restricciones de uso | No para préstamo | Código de colección | Localización permanente | Ubicación/localización actual | Ubicación en estantería | Fecha de adquisición | Número de inventario | Total de préstamos | Signatura topográfica completa | Código de barras | Fecha visto por última vez | Precio válido a partir de | Tipo de ítem Koha |
|---|---|---|---|---|---|---|---|---|---|---|---|---|---|---|---|
| Préstamo interno | Monografías: Libros y Folletos | General | General | Depósito | 06.07.2009 | LF1 | 923.173 B978T | 2138-10 | 25.06.2020 | 25.06.2020 | Préstamo interno |
